An evaluation of the syllabus for English for commercial purposes /
Saved in:
| Main Author: | |
|---|---|
| Format: | Thesis Book |
| Language: | English |
| Published: |
1997.
|
| Subjects: | |
| Tags: |
Add Tag
No Tags, Be the first to tag this record!
|
| LEADER | 01281cam a2200301 a 4500 | ||
|---|---|---|---|
| 001 | u414911 | ||
| 003 | SIRSI | ||
| 008 | 920820s1997 my t 00 10 eng m | ||
| 035 | |a ACD-7179 | ||
| 040 | |a UMB |d UMM | ||
| 043 | |a a-my--- | ||
| 090 | |a PE1479 |b B87Rav | ||
| 091 | |a Microfiche 14175 | ||
| 093 | |a PE1479 |b B87Rav | ||
| 100 | 0 | 0 | |a Ravindran Munisamy. |
| 245 | 1 | 3 | |a An evaluation of the syllabus for English for commercial purposes / |c M. Ravindran a/l Munisamy. |
| 260 | |c 1997. | ||
| 300 | |a xiii, 265 leaves [append] : |b ill ; |c 30 cm. | ||
| 500 | |a Microfiche. Kuala Lumpur : University of Malaya Library, 1999. 4 fiches : negative ; 11 x 15 cm. | ||
| 502 | |a Dissertation (M.E.S.L.) -- Fakulti Bahasa dan Linguistik, Universiti Malaya, 1997. | ||
| 504 | |a Bibliography : leaves 261-265 | ||
| 650 | 0 | |a English language |x Business English |x Study and teaching (Higher) |z Malaysia. | |
| 650 | 0 | |a English language |z Malaysia |x Outlines, syllabi, etc. |x Evaluation. | |
| 710 | 2 | 0 | |a Universiti Malaya. |b Fakulti Bahasa dan Linguistik. |
| 948 | |a 19/08/1997 |b 13/06/2002 | ||
| 596 | |a 1 6 | ||
| 999 | |a PE1479 B87RAV |w LC |c 1 |i A507342165 |d 22/3/2011 |e 22/3/2011 |l STACKS |m P01UTAMA |n 11 |r Y |s Y |t TESIS |u 25/10/1997 | ||
| 999 | |a PE1479 B87RAV |w LC |c 1 |i A503696568 |l STACKS |m P06BAHASA |r Y |s Y |t TESIS |u 25/9/1997 | ||
